<The> world almanac and book of facts 1998
Salvato in:
| Natura: | Libro |
|---|---|
| Lingua: | inglese |
| Pubblicazione: |
Mahwah
World Almanac Books
1997
|
| Tags: |
Nessun Tag, puoi essere il primo ad aggiungerne!!
|
MARC
| LEADER | 00000nam a2200000 4500 | ||
|---|---|---|---|
| 001 | c100375 | ||
| 005 | 20230314081716.5 | ||
| 020 | |a 0-88687-820-9 | ||
| 041 | 0 | |a eng | |
| 044 | |a US | ||
| 245 | 1 | 0 | |a <The> world almanac and book of facts 1998 |
| 264 | 1 | |a Mahwah |b World Almanac Books |c 1997 | |
| 300 | |a 975 s. | ||